| 000 | 02714nas a22003017a 4500 | ||
|---|---|---|---|
| 003 | AM-YeHGA | ||
| 005 | 20250618080208.0 | ||
| 008 | 201103d19491975sy |||pdr|||||||||||arm|| | ||
| 040 | _aAM-YeHGA | ||
| 041 | 0 | _aarm | |
| 245 | 1 | 0 |
_aՅեղափոխական ալպոմ : _bԱզատագրական պայքարի յուշամատեան : _cԽմբ.՝ Աւօ (Աւետիս Թումայեան) ; Հրատարակութիւն Հ.Յ.Դ. «Քրիստափոր» պատանեկան միութեան. |
| 246 | 3 | _aՀեղափոխական ալբոմ / | |
| 260 |
_aՀալէպ : _bտպ. Նայիրի, _c1949-1961. |
||
| 260 |
_aՊէյրութ : _bտպ. Սեւան, _c1962-1975. |
||
| 300 |
_aՀամար ։ _bԼուսանկար ; _c24 x 17 սմ. |
||
| 362 | 0 | _a1949-1975. | |
| 500 | _a1949-1961թթ. հրատարակվել է Հալեպում, 1962-1975թթ.՝ Բեյրութում: | ||
| 500 | _aՏպարաններ՝ Անի Արևելք | ||
| 504 | _aՏե՛ս Պատմութիւն Սուրիոյ հայ տպարաններու / Պատրաստ.՝ Հայկ Պարիկեան, Յովնան Վարժապետեան, Հալէպ, 1973, էջ 183 http://tert.nla.am/archive/HAY%20GIRQ/Ardy/1951-1980/siria_tparanner_1973.pdf | ||
| 515 | _aԱ և Բ շարքերը՝ 1949թ.-ից մինչև [1959]թ.-ը հրատարակման տարեթվեր չունեն (համարների բաշխումը` մեր կողմից): | ||
| 525 | _a[1957]թ. # 1-ը՝ «Բացառիկ թիւ։ Նուիրուած Հայաստանի Հանրապետութեան Բ տարեդարձին»։ 1963թ. # 6/7-ը՝ «Բացառիկ թիւ։ Երջանկայիշատակ Ն.Ս.Օ.Տ.Տ. Զարեհ Ա Փայասլեան (Կաթողիկոս Մեծի տանն Կիլիկիոյ)»։ 1964թ. # 11/12-ը՝ «Բացառիկ թիւ։ Յարգանք նահատակներուն»։ 1965թ. # 1-ը նվիրված է ՀՀԴ հիմնադրման 75-ամյակին։ 1965թ. # 7/9-ը՝ «Բացառիկ թիւ՝ նուիրուած Ապրիլեան Եղեռնի յիսնամեակին»։ 1967թ. # 3/4-ը՝ «Բացառիկ թիւ՝ նուիրուած Համաստեղին»։ 1968թ. # 6/8-ը՝ «Հայաստանի Հանրապետութեան հիմնադրման յիսնամեակին առթիւ «Յեղափոխական ալպոմի» այս թիւը կը նուիրուի Հայ զինուորին»։ 1975թ. # 8/12-ը՝ « Ապրիլեան բացառիկ»։ | ||
| 610 | 2 | 4 |
_aՀայ յեղափոխական դաշնակցութիւն _94870 |
| 650 | 4 |
_aՇարունակվող հրատարակություններ _9580 |
|
| 700 |
_aԹումայեան, Աւետիս (Աւօ), _eխմբ. _4edt |
||
| 942 |
_2udc _cCR |
||
| 001 | 1711893 | ||
| 090 | _c572554 | ||
| 999 |
_c533512 _d533512 |
||